| 000 | 01347nam a2200325 c 4500 | ||
|---|---|---|---|
| 003 | BLK | ||
| 005 | 20250729131041.0 | ||
| 008 | 180408b bul|||||r ||||||| ||bul|| | ||
| 010 | _aKNG00054915000 | ||
| 020 |
_a84-9819-031-2 _bиздат.: Mediasat Group, S. A. - (на цялата колекция) |
||
| 040 | _aBLK | ||
| 041 |
_aBUL _cBUL |
||
| 080 |
_aАнглийска литература _b821.111 _x-31 _z821.111-31 |
||
| 100 | 1 |
_aГолдинг, Уилям _eпърви автор _9256146 |
|
| 700 | 1 |
_aИванов, Димитри Константинов _eпрев. от англ. _9365139 |
|
| 139 |
_aГолдинг, Уилям _bГ 63 |
||
| 245 | 1 | 0 |
_aПовелителят на мухите _bРоман _cУилям Голдинг; прев. от англ. Димитри Константинов Иванов. |
| 257 | _aGBR | ||
| 260 |
_аСофия _bMediasat Group, S. A. _c2005 _fОтпеч. в Германия |
||
| 300 |
_a253 с. _c21 см |
||
| 380 | _aX | ||
| 490 | 1 |
_aЗлатна колекция ХХ век _v20 |
|
| 500 | _aОриг. загл. Lord of the Flies / William Golding. - Офс. изд. | ||
| 852 | _aЦб 224462 | ||
| 856 | 4 |
_qpdf _u |
|
| 856 | 4 |
_qpdf _u |
|
| 942 |
_cKNG _n0 _034 |
||
| 944 |
_aCR _c22.08.2005 _k30576 _lЦветомила Тодорова |
||
| 944 |
_aED _c07.02.2014 _k |
||
| 999 |
_c51017 _d51017 |
||